The Office (U.S) Trivia - Difficult - Statistics

General Stats
  • This quiz has been taken 20 times
  • The average score is 12 of 26
Answer Stats
Question Answer % Correct
Jan
100%
Holly
89%
Oscar
84%
Creed
79%
How many episodes does the latter appear in? 3
63%
There are six people in the Scranton Dunder Mifflin office at any point in the series who have the same first name as the actor portraying them. How many can you name? Angela
63%
Fill in the blank: "You took me by the hand, ____ __ _ ___" Made me a man
63%
Michael has six sexual partners over the course of the series. How many can you name? Carol
58%
Phyllis
58%
Helene
47%
In Robert California's scary Halloween story, who or what is Meredith's great fear that he refers to? Jim
47%
What is Deangelo Vickers' allergy? Peanuts
47%
What is Toby's daughter's name? Sasha
47%
What is Gabe's middle name? Susan
47%
When Dwight is concussed, what does he mistakenly say his middle name is? Danger
42%
Donna
42%
What is the name of the (seemingly) only female stripper in Scranton? Elizabeth
37%
What NFL Quarterback makes an appearance in Season 9? Aaron Rodgers
32%
What actor directed the "Work Bus" episode? (Hint: it's not someone who ever appeared on the show) Bryan Cranston
32%
What would Jan's child have been named if she had been a boy? Chevy
32%
Concierge Marie
26%
What is the name of Jim's roommate in season 2? Mark
26%
Clark
21%
What dundie did Erin win in Season 7? Cutest redhead
21%
What dundie did Stanley win in Season 2? Fine work
21%
Devin
5%
No matching quizzes found
Score Distribution
Percent of People with Each Score
Percentile by Number Answered
Your Score History
You have not taken this quiz